| 000 -LEADER |
| fixed length control field |
01220nam a2200241Ia 4500 |
| 001 - CONTROL NUMBER |
| control field |
16003 |
| 003 - CONTROL NUMBER IDENTIFIER |
| control field |
GE_BSU |
| 008 - FIXED-LENGTH DATA ELEMENTS--GENERAL INFORMATION |
| fixed length control field |
181216s||||||||xx |||||||||||||| ||und|| |
| 040 ## - CATALOGING SOURCE |
| Transcribing agency |
GE_BSU |
| 080 ## - UNIVERSAL DECIMAL CLASSIFICATION NUMBER |
| Universal Decimal Classification number |
94(479.22)"19/20"+321+329 |
| 100 ## - MAIN ENTRY--PERSONAL NAME |
| Personal name |
ხარჩილავა, ვახტანგ |
| 245 ## - TITLE STATEMENT |
| Title |
სისხლიანი ქრონიკები.საქართველოს უახლესი ისტორია |
| 245 ## - TITLE STATEMENT |
| Remainder of title |
ლავრენტი ბერია / ანტონოვ-ოვსეენკო |
| 245 ## - TITLE STATEMENT |
| Statement of responsibility, etc. |
თარგმნა თამარ ბერძენიშვილმა.რედ. რუსუდან ლოლაძე. მხ. სპ.ცინცაძე |
| 260 ## - PUBLICATION, DISTRIBUTION, ETC. |
| Place of publication, distribution, etc. |
თბილისი |
| 260 ## - PUBLICATION, DISTRIBUTION, ETC. |
| Name of publisher, distributor, etc. |
მერანი |
| 260 ## - PUBLICATION, DISTRIBUTION, ETC. |
| Date of publication, distribution, etc. |
1989 |
| 300 ## - PHYSICAL DESCRIPTION |
| Extent |
160 გვ. ; 21 სმ |
| 653 ## - INDEX TERM--UNCONTROLLED |
| Uncontrolled term |
ლავრენტი ბერია / ანტონოვ-ოვსეენკო |
| 653 ## - INDEX TERM--UNCONTROLLED |
| Uncontrolled term |
რეპრესიები საბჭოთა კავშირში |
| 653 ## - INDEX TERM--UNCONTROLLED |
| Uncontrolled term |
სისხლიანი ქრონიკები.საქართველოს უახლესი ისტორია |
| 942 ## - ADDED ENTRY ELEMENTS (KOHA) |
| Koha item type |
წიგნი |